000 00413nam a2200157Ia 4500
003 SGT
020 _a9789380027647
082 _a621.381,GUP
100 _aJ.B. Gupta
245 _aBasic Electronics
260 _bS.K. Kataria & SONS
_aN.Delhi
_c2010
300 _a441p.
650 _aELECTRONICS ENGINEERING
653 _aSEMICONDUCTOR PHYSICS,JUNCTION DIODES, BIPOLAR JUNCTION TRANSISTORS
942 _2ddc
_cBK
_035
999 _c4906
_d4906